Hvězdy formule 1. Max Verstappen /
Uloženo v:
| Hlavní autor: | |
|---|---|
| Další autoři: | , |
| Médium: | Kniha |
| Jazyk: | Czech |
| Vydáno: |
Praha :
Fragment,
2025
|
| Vydání: | 1. vydání |
| Témata: | |
| Celkem bylo vypůjčeno: | 0x |
| Příbuzné jednotky: | Přeloženo z:
Racing legends |
| Tagy: |
Žádné tagy |
| LEADER | 02508nam a2200649 i 4500 | ||
|---|---|---|---|
| 001 | 106722 | ||
| 003 | CZ PrNK | ||
| 005 | 20260702090156.0 | ||
| 007 | ta | ||
| 008 | 250211s2025 xr ac d 000 0bcze | ||
| 015 | |a cnb003672256 | ||
| 020 | |a 9788025371190 |q (brožováno) : |c Kč 229,00 | ||
| 040 | |a BOA001 |b cze |d ABA001 |e rda | ||
| 041 | 1 | |a cze |h eng | |
| 072 | 7 | |a 796 |x Sport. Hry. Tělesná cvičení |2 Konspekt |9 20 | |
| 072 | 7 | |a 0/9-053.2 |x Literatura pro děti a mládež (naučná) |2 Konspekt |9 26 | |
| 080 | |a 796.71.071.2 |2 MRF | ||
| 080 | |a 796.71.093.52 |2 MRF | ||
| 080 | |a 929 |2 MRF | ||
| 080 | |a (493) |2 MRF | ||
| 080 | |a (492) |2 MRF | ||
| 080 | |a (092) |2 MRF | ||
| 080 | |a (0.053.2) |2 MRF | ||
| 100 | 1 | |a Hamilton, Maurice |7 xx0266978 |4 aut |9 117425 | |
| 240 | 1 | 0 | |a Max Verstappen. |l Česky |
| 245 | 1 | 0 | |a Hvězdy formule 1. |p Max Verstappen / |c Maurice Hamilton ; ilustrace Cat Sims ; přeložil Tomáš Kurka |
| 246 | 3 | 0 | |a Max Verstappen |
| 250 | |a 1. vydání | ||
| 264 | 1 | |a Praha : |b Fragment, |c 2025 | |
| 300 | |a 171 stran : |b ilustrace, portréty ; |c 20 cm | ||
| 336 | |a text |b txt |2 rdacontent | ||
| 336 | |a statický obraz |b sti |2 rdacontent | ||
| 337 | |a bez média |b n |2 rdamedia | ||
| 338 | |a svazek |b nc |2 rdacarrier | ||
| 500 | |a Přeloženo z angličtiny | ||
| 521 | 8 | |a Pro čtenáře od 8 let | |
| 600 | 1 | 4 | |a Verstappen, Max, |d 1997- |7 xx0303193 |2 czenas |9 117563 |
| 648 | 7 | |a 21. století |7 ch460559 |2 czenas |9 52889 | |
| 648 | 4 | |a 1997-2024 | |
| 650 | 0 | 7 | |a piloti formule 1 |7 ph170410 |y 21. století |z Belgie |2 czenas |
| 650 | 0 | 7 | |a piloti formule 1 |7 ph170410 |y 21. století |z Nizozemsko |2 czenas |
| 650 | 0 | 7 | |a závody formule 1 |7 ph170409 |y 21. století |2 czenas |
| 650 | 0 | 9 | |a Formula One pilots |y 21st century |z Belgium |2 eczenas |
| 650 | 0 | 9 | |a Formula One pilots |y 21st century |z Netherlands |2 eczenas |
| 650 | 0 | 9 | |a Grand Prix racing |y 21st century |2 eczenas |
| 655 | 7 | |a biografie |7 fd131909 |2 czenas |9 53508 | |
| 655 | 7 | |a publikace pro děti |7 fd133156 |2 czenas |9 23 | |
| 655 | 9 | |a biography |2 eczenas | |
| 655 | 9 | |a children's literature |2 eczenas | |
| 700 | 1 | |a Sims, Cat |7 mzk20251254053 |4 ill |9 117427 | |
| 700 | 1 | |a Kurka, Tomáš, |d 1967- |7 jx20050628017 |4 trl |9 113317 | |
| 710 | 2 | |a Fragment (nakladatelství) |7 ko2004244768 |4 pbl |9 117176 | |
| 765 | 0 | |t Racing legends | |
| 910 | |a UOG502 | ||
| 942 | |2 ddc |c KN | ||
| 999 | |d 106722 | ||
| 993 | |0 0 |1 421180107451 |2 ddc |4 0 |6 796_000000000000000 |7 0 |9 100236 |b 0 |c 107451 |d 2026-07-02 |e 0 |f DOSP |g 796 |h 229.00 |i Koupě |l M |r 2026-07-02 |t 7 |w 2026-07-02 |y KN |z NAUCNA |n | ||